|
|
|
|
| LEADER |
00000nam0a2200000 4500 |
| 001 |
284211 |
| 005 |
20231101235655.0 |
| 035 |
|
|
|a (RuTPU)RU\TPU\book\308351
|
| 090 |
|
|
|a 284211
|
| 100 |
|
|
|a 20150212d1984 km y0rusy50 ca
|
| 101 |
1 |
|
|a rus
|c rum
|
| 102 |
|
|
|a RU
|
| 105 |
|
|
|a y z 001zy
|
| 200 |
1 |
|
|a Идея культурного прогресса в современном мире
|e пер. с рум.
|f Дж. Раду
|g под ред. Э. А. Баллера
|
| 210 |
|
|
|a Москва
|c Прогресс
|d 1984
|
| 215 |
|
|
|a 173 с.
|
| 320 |
|
|
|a Имен. указ.: с. 169-171
|
| 606 |
1 |
|
|a Культура
|x Философские проблемы
|2 stltpush
|3 (RuTPU)RU\TPU\subj\16748
|9 42682
|
| 610 |
1 |
|
|a культурный прогресс
|
| 610 |
1 |
|
|a цивилизация
|
| 610 |
1 |
|
|a кризисные явления
|
| 610 |
1 |
|
|a дискуссии
|
| 610 |
1 |
|
|a критерии
|
| 610 |
1 |
|
|a социалистическое общество
|
| 686 |
|
|
|a Ч11
|v LBC/SL-A
|2 rubbk
|
| 700 |
|
1 |
|a Раду
|b Дж.
|
| 702 |
|
1 |
|a Баллер
|b Э. А.
|4 340
|
| 801 |
|
1 |
|a RU
|b 63413507
|c 20150212
|
| 801 |
|
2 |
|a RU
|b 63413507
|c 20171002
|g RCR
|
| 942 |
|
|
|c BK
|